Computer system organization : the B5700-B6700 series /
Guardado en:
| Autor Principal: | |
|---|---|
| Formato: | Libro |
| Idioma: | English |
| Publicado: |
New York :
Academic Press,
1973.
|
| Series: | ACM monograph series
|
| Materias: | |
| Etiquetas: |
Agregar Etiqueta
Sin Etiquetas, Sea el primero en etiquetar este registro!
|
| LEADER | 00710cam a22002055 4500 | ||
|---|---|---|---|
| 001 | MAT.inmabb002085 | ||
| 008 | 730508s1973####nyua#####b####001#0#eng#d | ||
| 005 | 20170608121545.0 | ||
| 245 | 1 | 0 | |a Computer system organization : |b the B5700-B6700 series / |c Elliott I. Organick. |
| 260 | |a New York : |b Academic Press, |c 1973. | ||
| 300 | |a ix, 132 p. : |b il. ; |c 24 cm. | ||
| 440 | 0 | |a ACM monograph series | |
| 504 | |a Bibliografía: p. [121]-125. | ||
| 020 | |a 0125282508 | ||
| 100 | 1 | |a Organick, Elliott Irving, |d 1925- | |
| 084 | |a 68Mxx |2 msc2000 | ||
| 650 | 0 | |a Burroughs B5700 (Computer) |x Programming. | |
| 650 | 0 | |a Burroughs B6700 (Computer) |x Programming. | |
| 010 | |a 72088334 | ||
| 859 | |h 68 |i Or68s |p A-3740 |b BIB. MATEMATICA | ||
